International Economic Policy Review, Volume 1 /

This series aims to make available to the general public and to economic policy practitioners, a selection of policy papers prepared by the staff of the International Monetary Fund. Papers in the International Economic Policy Review will offer specific policy-relevant analysis, but at a relatively n...

Ամբողջական նկարագրություն

Մատենագիտական մանրամասներ
Հիմնական հեղինակ: Masson, Paul
Այլ հեղինակներ: Gotur, Padma, Lane, Timothy
Ձևաչափ: Ամսագիր
Լեզու:English
Հրապարակվել է: Washington, D.C. : International Monetary Fund, 1999.
Շարք:Policy Papers; Policy Paper ; No. 1999/009
Առցանց հասանելիություն:Full text available on IMF
LEADER 01601cas a2200265 a 4500
001 AALejournalIMF021783
008 230101c9999 xx r poo 0 0eng d
020 |c 5.00 USD 
020 |z 9781557758644 
022 |a 2663-3493 
040 |a BD-DhAAL  |c BD-DhAAL 
100 1 |a Masson, Paul. 
245 1 0 |a International Economic Policy Review, Volume 1 /  |c Paul Masson, Timothy Lane, Padma Gotur. 
264 1 |a Washington, D.C. :  |b International Monetary Fund,  |c 1999. 
300 |a 1 online resource (168 pages) 
490 1 |a Policy Papers 
500 |a <strong>Off-Campus Access:</strong> No User ID or Password Required 
500 |a <strong>On-Campus Access:</strong> No User ID or Password Required 
506 |a Electronic access restricted to authorized BRAC University faculty, staff and students 
520 3 |a This series aims to make available to the general public and to economic policy practitioners, a selection of policy papers prepared by the staff of the International Monetary Fund. Papers in the International Economic Policy Review will offer specific policy-relevant analysis, but at a relatively non-technical level. These papers are intended to provide analytical background for IMF-supported programs and more generally to shed light on a range of policy choices facing ministries and central banks. 
538 |a Mode of access: Internet 
700 1 |a Gotur, Padma. 
700 1 |a Lane, Timothy. 
830 0 |a Policy Papers; Policy Paper ;  |v No. 1999/009 
856 4 0 |z Full text available on IMF  |u http://elibrary.imf.org/view/journals/007/1999/009/007.1999.issue-009-en.xml  |z IMF e-Library